000
00330nam a2200133Ia 4500
008
240624s9999 xx 000 0 und d
041
_a
eng
082
_a
823 DIC
100
_a
DICKENS CHARLES
245
_a
CHRISTMAS CAROL
260
_c
2010
_a
New Delhi
_b
HarperCollins
300
_a
viii, : 128 : p. : cm. ; 18
365
_c
RS
_b
25
999
_c
18772
_d
18772